00388nam a22001337a 4500003000800000005001700008008004100025040001200066082001300078110003500091245006800126260003800194300002200232BD-DhUL20170426162515.0170426b1968 bg ||||| |||| 00| 0 eng d cBD-DhUL a672bUNW aEconomic commission for Europe aWorld trade in steel and steel demand in developing countries / aNew York :bUnited Nations,c1968 a201 p. :c28 cm.